00406nam a2200133Ia 4500100001900000942000700019654002800026245003200054260004400086300000800130546001200138999001700150952010500167 aFeibel Werner  cBK aTurbo pascal handbook 7 aTurbo pascal 7 : Handbook bObsorne/ McGraw - HillaNew Delhic1998 a456 aENGLISH c20119d20119 001040708CRCaCRCEbCRCEd2023-03-17eUBCg135.00l0o p6592r2023-03-17v135.00w2023-03-17yBK